logo

Bir Sreshtho Munshi Abdur Rouf Library
Jhenaidah Cadet College

Behave: (Record no. 14093)

MARC details
000 -LEADER
fixed length control field 00649nam a2200229 a 4500
001 - CONTROL NUMBER
JCCL Control Number 14093
003 - CONTROL NUMBER IDENTIFIER
JCCL marc code BD-JhCC
005 - DATE AND TIME OF LATEST TRANSACTION
control field 20241208115703.0
008 - FIXED-LENGTH DATA ELEMENTS--GENERAL INFORMATION
fixed length control field 241208b2017 n |||| ||a| 001 0 eng d
020 ## - INTERNATIONAL STANDARD BOOK NUMBER
International Standard Book Number 9780099575061
035 ## - SYSTEM CONTROL NUMBER
system control number (BD-JhCC)14093
040 ## - CATALOGING SOURCE
Original cataloging agency BD-JhCC
Modifying agency BD-JhCC
041 ## - LANGUAGE CODE
Language code of Book english
082 ## - DEWEY DECIMAL CLASSIFICATION NUMBER
Classification number 808.8
Author mark and Year SAP 2017
100 ## - MAIN ENTRY--PERSONAL NAME
Personal name Sapolsky, Robert M.
245 ## - TITLE STATEMENT
Title Behave:
Remainder of title The Biology of Humans at Our Best and Worst /
Statement of responsibility, etc Robert M. Sapolsky .
260 ## - PUBLICATION, DISTRIBUTION, ETC. (IMPRINT)
Place of publication, distribution, etc London:
Name of publisher, distributor, etc penguin;
Date of publication, distribution, etc 2017.
300 ## - PHYSICAL DESCRIPTION
Pagination 790 p. :
Other physical details ill;
Dimensions 20 cm
651 ## - SUBJECT ADDED ENTRY--GEOGRAPHIC NAME
Geographic name Foreign Language Books: Essay,
Geographic subdivision Articles & Research
942 ## - ADDED ENTRY ELEMENTS (KOHA)
Source of classification or shelving scheme Dewey Decimal Classification
Koha item type Books
Holdings
Source of classification or shelving scheme Damaged status Not for loan Home library Current library Shelving location Date of accession Source of acquisition Cost, normal purchase price Total Checkouts Full call number Barcode Date last seen Date checked out Copy number Method of acquisition Koha item type Currency
Dewey Decimal Classification     JCC Rouf Library JCC Rouf Library General Stacks   With the compliments of Maj (Retd) Syed Sakhawat Hussain,07/0388/K 1400.00 3 808.8 SAP 2017 19779 11/02/2025 10/26/2025 C-1 Gift/Donation Books BDT

JCC Library | Contacts | JCC Home

Last Update on 23 September 2017
Copyright @ 2017-2020 JCC Rouf Library
Rouf Library, Jhenidah Cadet College (JCC), Bangladesh